How Much Do You Know About Dogs? - Statistics

General Stats
  • This quiz has been taken 175 times
  • The average score is 9 of 16
Answer Stats
Question Answer % Correct
What is the most popular dog in the United States? Labrador Retriever
95%
What is the fastest breed of dog? Grey Hound
90%
What dog is known for its bluish-black tongue? Chow Chow
80%
How long have dogs been domesticated? About 10,000 years
70%
What is the only dog that can't bark? Basenji
70%
Which body organ do humans have but dogs don't? An appendix
65%
What breed of dog was originated in Germany by a tax collector who needed a guard dog for protection? Dobermann Pinscher
65%
From where do dogs sweat? From the pads of their feet
65%
How many dog breeds are there? About 400
55%
When hearing a sound, how long does it take a dog to locate the source? 6/100ths of a second
45%
What is the tallest breed of dog? Irish Wolfhound
45%
Are dogs color blind? No
40%
How many facial expressions can dogs make? About 100
30%
How fast can most domestic dogs can run? 19 mph / 30.58 kph
25%
All dogs are generally believed to be descended from what prehistoric animal? Tomarctus.
20%
How many vocal sounds can dogs make? About 10
0%
No matching quizzes found
Score Distribution
Percent of People with Each Score
Percentile by Number Answered
Your Score History
You have not taken this quiz